000 00455nam a2200145 a 4500
008 120416s0000 ||||||||||||||||| || u
020 _a0552092819
050 _aPR 6035.A904
100 _aRaymond, Ernest
245 1 4 _aThe old June weather
260 _aLondon
_bGorgi Books
_c1974
300 _a236p.
350 _a0.00
995 _D0.00
_FCBU-MAIN LIBRARY (Kitwe)
_H1
_I1.25
_M1
_UDAMAGED
_ZFiction Collection
999 _c52557
_d52557